20 Biggest US Cities In Each State On A Map - Statistics

General Stats
  • This quiz has been taken 9,917 times
  • The average score is 291 of 1000
Answers on the Map
Answers color-coded by a green-red scale on the quiz's map according to % correct below.
 
Answer Stats
State City % Correct
California Los Angeles
87%
Alaska | Texas Houston
85%
Utah Sandy
85%
Texas Dallas
84%
California San Francisco
84%
Texas Austin
83%
Mississippi | Tennessee | Wyoming Jackson
83%
Florida Miami
83%
New York New York City
83%
Nevada | New Mexico Las Vegas
82%
Arizona Phoenix
82%
California San Diego
82%
Washington Seattle
82%
Arkansas | Florida | North Carolina Jacksonville
81%
Maine | Oregon Portland
81%
California Sacramento
81%
Texas San Antonio
81%
Illinois Chicago
80%
Georgia | Mississippi | Nebraska | Ohio Columbus
80%
Florida Orlando
80%
Colorado Denver
79%
Michigan Detroit
79%
Hawaii Honolulu
79%
California San Jose
79%
Illinois | Massachusetts | Missouri | +3 others Springfield
79%
Florida Tampa
79%
Georgia Atlanta
78%
Massachusetts Boston
78%
New York | Wyoming Buffalo
78%
Texas El Paso
78%
Indiana Indianapolis
78%
Kansas | Missouri Kansas City
78%
Tennessee Nashville
78%
Louisiana New Orleans
78%
Pennsylvania Philadelphia
78%
Utah Salt Lake City
78%
Alaska Anchorage
77%
Minnesota Minneapolis
77%
Oklahoma Oklahoma City
77%
Idaho Boise
76%
Ohio | Tennessee Cleveland
76%
Texas Fort Worth
76%
Tennessee Memphis
76%
Pennsylvania Pittsburgh
76%
North Carolina Winston-Salem
76%
Georgia | New York | Oregon Albany
75%
New Mexico Albuquerque
75%
Maryland Baltimore
75%
Ohio Cincinnati
75%
Alaska Juneau
75%
Missouri St. Louis
75%
Alabama Birmingham
74%
North Carolina Charlotte
74%
Wisconsin Milwaukee
74%
Nevada Reno
74%
Arizona Tucson
74%
Louisiana Baton Rouge
73%
South Carolina | West Virginia Charleston
73%
Nebraska | North Dakota | Rhode Island Lincoln
73%
Alabama | Mississippi | South Dakota | Wisconsin Madison
73%
Kentucky | Virginia Richmond
73%
Oregon Salem
73%
Minnesota St. Paul
73%
Florida Tallahassee
73%
Colorado Colorado Springs
72%
Missouri | South Carolina | Tennessee Columbia
72%
Kentucky Louisville
72%
California Oakland
72%
Iowa Des Moines
71%
California Fresno
71%
Arkansas Little Rock
71%
Nebraska Omaha
71%
North Carolina Raleigh
71%
Wyoming Cheyenne
70%
Rhode Island Providence
70%
New Mexico Santa Fe
70%
Georgia | Maine Augusta
69%
Alabama Montgomery
69%
Minnesota | New Hampshire | New York Rochester
69%
Oklahoma Tulsa
69%
Delaware | New Jersey | Ohio Newark
68%
Virginia Virginia Beach
68%
Kansas Wichita
68%
Connecticut | Vermont Hartford
67%
Pennsylvania | Texas Arlington
66%
Nevada Carson City
66%
Texas Corpus Christi
66%
Montana Helena
66%
Alabama Mobile
66%
South Dakota Sioux Falls
66%
Ohio Toledo
66%
North Dakota Bismarck
65%
Delaware | New Hampshire Dover
65%
Missouri St. Peters
65%
Kansas Topeka
65%
California Bakersfield
64%
Montana Billings
64%
Alaska Fairbanks
64%
North Dakota Fargo
64%
Pennsylvania | South Dakota Harrisburg
64%
California | New York Long Beach
64%
Georgia Savannah
64%
Washington Spokane
64%
New York Syracuse
64%
Michigan Lansing
63%
Kentucky | Nebraska Lexington
63%
Arizona Mesa
63%
Ohio Dayton
62%
Michigan Grand Rapids
62%
Wisconsin Green Bay
62%
New Jersey Jersey City
62%
Tennessee Knoxville
62%
Colorado | Illinois Aurora
61%
New Hampshire Manchester
61%
Florida St. Petersburg
61%
New Jersey Trenton
61%
Texas Amarillo
60%
California Anaheim
60%
New Hampshire | North Carolina Concord
60%
Florida Fort Lauderdale
60%
Indiana Fort Wayne
60%
Delaware | North Carolina Wilmington
60%
Ohio Akron
59%
Nevada North Las Vegas
59%
California Riverside
59%
Colorado Boulder
58%
Oregon Eugene
58%
Connecticut New Haven
58%
Washington Tacoma
58%
Maryland Annapolis
57%
New Hampshire | North Carolina Durham
57%
Pennsylvania Erie
57%
North Carolina Greensboro
57%
Texas Lubbock
57%
Nebraska | Virginia Norfolk
57%
South Dakota Pierre
57%
Iowa | North Carolina | Vermont Burlington
56%
Minnesota Duluth
56%
Utah Provo
56%
California San Bernardino
56%
Tennessee Chattanooga
55%
Arkansas | North Carolina Fayetteville
55%
Kentucky | Nevada Henderson
55%
Alabama Huntsville
55%
Missouri Jefferson City
55%
Indiana | Louisiana Lafayette
55%
Rhode Island Newport
55%
New York Yonkers
55%
Arizona Flagstaff
54%
Michigan Ann Arbor
53%
Alabama | Georgia Athens
53%
Connecticut | West Virginia Bridgeport
53%
Texas Brownsville
53%
Arizona Scottsdale
53%
Louisiana Shreveport
53%
Massachusetts Worcester
53%
Indiana Gary
52%
Texas Laredo
52%
Vermont Montpelier
52%
Iowa Sioux City
52%
California Stockton
52%
Washington Vancouver
52%
Louisiana | Virginia Alexandria
51%
Iowa Cedar Rapids
51%
California Santa Ana
51%
Pennsylvania Allentown
49%
Arizona Glendale
49%
California Irvine
49%
Arizona | Illinois Peoria
49%
Pennsylvania Scranton
49%
Indiana South Bend
49%
Massachusetts Cambridge
48%
Michigan Flint
48%
Kentucky Frankfort
48%
Georgia Macon
48%
Alabama Tuscaloosa
48%
Colorado Fort Collins
47%
Mississippi | North Carolina | South Carolina Greenville
47%
Wyoming Casper
46%
Idaho Idaho Falls
46%
Iowa Iowa City
46%
Texas Plano
46%
Utah St. George
46%
Oregon Bend
45%
Arizona Chandler
45%
New Mexico Las Cruces
45%
Montana Missoula
45%
Maine Bangor
44%
Virginia Chesapeake
44%
California Chula Vista
44%
Florida | Georgia Gainesville
44%
Hawaii Hilo
44%
Utah Ogden
44%
Texas Pasadena
44%
Arizona Tempe
44%
Illinois | Indiana | Minnesota Bloomington
43%
Iowa Davenport
43%
Indiana Evansville
43%
Arizona Yuma
43%
Florida Cape Coral
42%
New Jersey Elizabeth
42%
Pennsylvania Lancaster
42%
Virginia Newport News
42%
Montana Bozeman
41%
Florida Hollywood
41%
West Virginia Huntington
41%
Illinois Rockford
41%
Nebraska | Pennsylvania York
41%
North Carolina Asheville
40%
Alabama | Maine | Washington Auburn
40%
Mississippi Biloxi
40%
Arizona Gilbert
40%
Florida Hialeah
40%
Texas Irving
40%
California Modesto
40%
Alaska Nome
40%
Kansas Overland Park
40%
Colorado Pueblo
40%
South Dakota Rapid City
40%
Connecticut Stamford
40%
New York Utica
40%
Nebraska | Washington Bellevue
39%
California | Nebraska Fremont
39%
Illinois Joliet
39%
New York Niagara Falls
39%
Mississippi Gulfport
38%
Wisconsin Kenosha
38%
Louisiana Monroe
38%
Oklahoma Norman
38%
Florida Port St. Lucie
38%
Virginia Roanoke
38%
Florida West Palm Beach
38%
Tennessee Clarksville
37%
Arkansas Fort Smith
37%
Indiana | Kansas | Massachusetts Lawrence
37%
South Carolina Myrtle Beach
37%
Illinois Naperville
37%
New Hampshire | Rhode Island | Virginia Portsmouth
37%
Georgia | New Mexico Roswell
37%
Ohio Youngstown
37%
Oklahoma Broken Arrow
36%
North Dakota Grand Forks
36%
Colorado Grand Junction
36%
New Hampshire Nashua
36%
Mississippi Pearl
36%
Kentucky Bowling Green
35%
Montana Butte
35%
Virginia Charlottesville
35%
Montana Great Falls
35%
Michigan Kalamazoo
35%
Washington Kent
35%
Tennessee Murfreesboro
35%
Connecticut | Pennsylvania | Rhode Island Bristol
34%
Florida Clearwater
34%
Wisconsin Eau Claire
34%
Illinois | Wyoming Evanston
34%
Maryland Frederick
34%
New Hampshire | Virginia Hampton
34%
New York Ithaca
34%
Colorado | New Jersey | Ohio | Washington Lakewood
34%
Wyoming Laramie
34%
Massachusetts Lowell
34%
New Jersey Paterson
34%
Pennsylvania Reading
34%
Delaware | New Jersey Camden
33%
Idaho Coeur d'Alene
33%
Washington Everett
33%
Texas Garland
33%
Florida Lakeland
33%
Kansas Manhattan
33%
Idaho Nampa
33%
Minnesota Plymouth
33%
Ohio Canton
32%
Illinois Champaign
32%
New Hampshire | New Jersey | Tennessee Franklin
32%
Texas Frisco
32%
Kentucky | Missouri Independence
32%
Louisiana Lake Charles
32%
Idaho | Mississippi Meridian
32%
West Virginia Morgantown
32%
South Carolina North Charleston
32%
Alaska Utqiagvik
32%
Iowa Ames
31%
Wisconsin Appleton
31%
North Carolina Cary
31%
Michigan Dearborn
31%
Idaho | Maine Lewiston
31%
Mississippi Oxford
31%
Massachusetts Quincy
31%
New York Rome
31%
Washington Spokane Valley
31%
Arizona Surprise
31%
Michigan | New York Troy
31%
Michigan Warren
31%
Utah West Valley City
31%
New Mexico Farmington
30%
Texas Killeen
30%
Idaho Pocatello
30%
Washington Yakima
30%
Maryland | South Dakota Aberdeen
29%
Washington Bellingham
29%
Alabama | Illinois Decatur
29%
Texas McKinney
29%
Oregon Medford
29%
Kansas Olathe
29%
Wisconsin Oshkosh
29%
Wisconsin Racine
29%
Alaska Sitka
29%
Nevada Sparks
29%
Arkansas Texarkana
29%
Rhode Island Warwick
29%
Utah West Jordan
29%
West Virginia Wheeling
29%
Arkansas Benton
28%
Nevada Elko
28%
Arkansas Jonesboro
28%
Virginia Lynchburg
28%
New York Poughkeepsie
28%
Minnesota St. Cloud
28%
Idaho Twin Falls
28%
Connecticut Waterbury
28%
Iowa Dubuque
27%
Alabama | Kentucky | South Carolina Florence
27%
Nebraska Grand Island
27%
Texas Grand Prairie
27%
Missouri Joplin
27%
North Dakota Minot
27%
Massachusetts New Bedford
27%
Hawaii Pearl City
27%
Alaska Wasilla
27%
Oregon Beaverton
26%
Pennsylvania Bethlehem
26%
New York Binghamton
26%
Indiana Carmel
26%
Mississippi Hattiesburg
26%
Tennessee Johnson City
26%
Utah Logan
26%
Nevada Mesquite
26%
New York New Rochelle
26%
Utah Orem
26%
Colorado Parker
26%
Rhode Island Pawtucket
26%
New Mexico Rio Rancho
26%
New York Schenectady
26%
Missouri St. Joseph
26%
Arkansas Bentonville
25%
Virginia Blacksburg
25%
North Carolina Chapel Hill
25%
Oregon Corvallis
25%
Hawaii East Honolulu
25%
Wyoming Gillette
25%
Colorado Greeley
25%
Montana | New Jersey | Ohio Hamilton
25%
Alaska Kodiak
25%
Arizona Lake Havasu City
25%
Idaho Moscow
25%
Kentucky Owensboro
25%
Michigan Sterling Heights
25%
Virginia Suffolk
25%
Mississippi Tupelo
25%
Illinois Elgin
24%
California Fontana
24%
Oregon Hillsboro
24%
Alabama Hoover
24%
Arkansas | South Dakota Hot Springs
24%
New York | North Dakota Jamestown
24%
Massachusetts Lynn
24%
Connecticut | Delaware | New Jersey | +2 others Middletown
24%
California Moreno Valley
24%
South Carolina Spartanburg
24%
Colorado | Maryland Westminster
24%
Connecticut Danbury
23%
Kansas Dodge City
23%
Alabama Dothan
23%
North Carolina High Point
23%
South Carolina Hilton Head Island
23%
Alaska Ketchikan
23%
Wisconsin La Crosse
23%
Kansas Salina
23%
Indiana Terre Haute
23%
Iowa Waterloo
23%
Pennsylvania Altoona
22%
Colorado Arvada
22%
Vermont Essex
22%
Massachusetts Fall River
22%
Arizona Goodyear
22%
Oregon Gresham
22%
New York Mount Vernon
22%
Indiana Muncie
22%
Massachusetts Newton
22%
Arkansas North Little Rock
22%
Connecticut Norwalk
22%
Florida Pembroke Pines
22%
Vermont South Burlington
22%
Missouri St. Charles
22%
Colorado Thornton
22%
Wisconsin Waukesha
22%
Iowa West Des Moines
22%
New York White Plains
22%
Indiana | South Carolina Anderson
21%
Alaska Bethel
21%
Colorado Centennial
21%
Arkansas | South Carolina Conway
21%
Florida Coral Springs
21%
Rhode Island Cranston
21%
Rhode Island East Providence
21%
New Jersey Edison
21%
Delaware | Kentucky Georgetown
21%
Oklahoma Lawton
21%
Florida Miramar
21%
Delaware New Castle
21%
Florida Palm Bay
21%
Arkansas Pine Bluff
21%
Arkansas Springdale
21%
Nevada | Virginia Winchester
21%
New Mexico Carlsbad
20%
Iowa Council Bluffs
20%
Kentucky Covington
20%
Oklahoma Enid
20%
Virginia Fredericksburg
20%
Maryland Gaithersburg
20%
Maryland Hagerstown
20%
Washington Kennewick
20%
Missouri Lee's Summit
20%
Georgia Marietta
20%
West Virginia Parkersburg
20%
Washington Renton
20%
Georgia Sandy Springs
20%
Massachusetts Somerville
20%
Georgia Valdosta
20%
Mississippi Vicksburg
20%
South Dakota Watertown
20%
Illinois Waukegan
20%
Massachusetts Brockton
19%
Arizona Buckeye
19%
Iowa | Mississippi Clinton
19%
Wyoming Cody
19%
Oklahoma Edmond
19%
Nevada Ely
19%
Washington Federal Way
19%
Indiana | Louisiana Hammond
19%
Nebraska Kearney
19%
Florida Pompano Beach
19%
Maryland Rockville
19%
Maryland Salisbury
19%
Wisconsin Sheboygan
19%
Maine South Portland
19%
Oklahoma Stillwater
19%
New Hampshire Berlin
18%
Indiana Fishers
18%
Wisconsin Janesville
18%
Indiana Kokomo
18%
New Hampshire Lebanon
18%
Arizona Maricopa
18%
Connecticut Norwich
18%
Ohio Parma
18%
North Dakota West Fargo
18%
Virginia Danville
17%
Wisconsin Fond du Lac
17%
Virginia Harrisonburg
17%
Colorado Littleton
17%
Kentucky Paducah
17%
Michigan Pontiac
17%
Oregon | Washington Redmond
17%
South Carolina Rock Hill
17%
Delaware | Georgia | Tennessee Smyrna
17%
Mississippi Southaven
17%
Georgia Alpharetta
16%
Arizona Avondale
16%
Minnesota Brooklyn Park
16%
Illinois Cicero
16%
Maryland College Park
16%
Maryland | Rhode Island Cumberland
16%
Indiana Elkhart
16%
Tennessee Germantown
16%
Louisiana Houma
16%
Montana Kalispell
16%
Colorado Longmont
16%
Colorado Loveland
16%
Connecticut | Delaware | New Hampshire Milford
16%
Oklahoma Moore
16%
Connecticut New Britain
16%
Missouri O'Fallon
16%
Virginia Petersburg
16%
Arkansas Rogers
16%
Vermont Rutland
16%
Utah South Jordan
16%
Michigan Taylor
16%
Wisconsin Wausau
16%
Maine Brunswick
15%
Missouri Cape Girardeau
15%
Kentucky Elizabethtown
15%
North Carolina Gastonia
15%
Alaska Homer
15%
Alaska Kenai
15%
Tennessee Kingsport
15%
Washington Kirkland
15%
Utah Lehi
15%
Michigan Livonia
15%
Nebraska North Platte
15%
Kansas | Oklahoma Shawnee
15%
Georgia Warner Robins
15%
Connecticut West Hartford
15%
Indiana West Lafayette
15%
Michigan Wyoming
15%
Louisiana Bossier City
14%
South Dakota Brookings
14%
Idaho Caldwell
14%
Iowa Cedar Falls
14%
New Mexico Clovis
14%
Alabama Enterprise
14%
New Hampshire Hanover
14%
Delaware | Maryland | Montana Laurel
14%
Virginia Leesburg
14%
Virginia Manassas
14%
Alaska Palmer
14%
Washington Pasco
14%
Wyoming Rock Springs
14%
Alaska Seward
14%
Wyoming Sheridan
14%
New Jersey Union City
14%
Arkansas West Memphis
14%
Rhode Island Woonsocket
14%
Iowa Ankeny
13%
Nevada Boulder City
13%
Maryland Bowie
13%
Arizona Casa Grande
13%
Colorado Castle Rock
13%
Massachusetts Framingham
13%
New Mexico Gallup
13%
Oregon Grants Pass
13%
Montana Havre
13%
Hawaii Kailua
13%
Louisiana Kenner
13%
Ohio Lorain
13%
New Mexico Los Alamos
13%
Minnesota Minnetonka
13%
New Jersey Passaic
13%
North Carolina Rocky Mount
13%
Illinois Schaumburg
13%
Nebraska Scottsbluff
13%
Illinois Skokie
13%
Georgia South Fulton
13%
South Carolina Sumter
13%
North Dakota | Vermont Williston
13%
New Mexico Alamogordo
12%
Montana Anaconda
12%
Illinois Arlington Heights
12%
Kentucky Ashland
12%
New Jersey Bayonne
12%
West Virginia Beckley
12%
Colorado Broomfield
12%
Missouri Chesterfield
12%
Alabama Daphne
12%
Illinois Des Plaines
12%
North Dakota Dickinson
12%
Connecticut East Hartford
12%
Minnesota Eden Prairie
12%
Minnesota Edina
12%
Kansas Garden City
12%
Indiana | South Carolina Greenwood
12%
Nebraska Hastings
12%
Hawaii Kahului
12%
Utah Layton
12%
Iowa Marion
12%
Rhode Island North Providence
12%
Oregon Oregon City
12%
South Dakota Sturgis
12%
South Carolina Summerville
12%
New Jersey Toms River
12%
Alaska Valdez
12%
Connecticut West Haven
12%
North Carolina Wilson
12%
Nevada Winnemucca
12%
New Jersey Clifton
11%
Idaho Eagle
11%
Tennessee Hendersonville
11%
New Mexico Hobbs
11%
South Dakota Huron
11%
Georgia Johns Creek
11%
Kansas Lenexa
11%
Washington Marysville
11%
Connecticut Meriden
11%
Oklahoma Midwest City
11%
South Dakota Mitchell
11%
South Carolina Mt. Pleasant
11%
Kentucky | Utah Murray
11%
Oklahoma Muskogee
11%
Idaho Rexburg
11%
Louisiana Slidell
11%
South Dakota Spearfish
11%
Mississippi Starkville
11%
New Jersey Woodbridge
11%
Minnesota Woodbury
11%
North Carolina Apex
10%
Minnesota Apple Valley
10%
Montana Belgrade
10%
Massachusetts Brookline
10%
Maine Caribou
10%
Louisiana Central
10%
Ohio Cuyahoga Falls
10%
New Hampshire Derry
10%
Wyoming Douglas
10%
Minnesota Eagan
10%
Maryland Easton
10%
Ohio Elyria
10%
Vermont Essex Junction
10%
Michigan Farmington Hills
10%
Alabama Gadsden
10%
Wyoming Green River
10%
Kansas Hays
10%
New Hampshire Keene
10%
Kansas Leavenworth
10%
New Hampshire Londonderry
10%
Minnesota Maple Grove
10%
Alabama Phenix City
10%
Idaho Post Falls
10%
Utah | Wyoming Riverton
10%
Michigan Rochester Hills
10%
Utah Spanish Fork
10%
Massachusetts Waltham
10%
Montana Whitefish
10%
Vermont Barre
9%
Maine Bath
9%
Iowa Bettendorf
9%
Minnesota Blaine
9%
Mississippi | South Dakota Brandon
9%
New Jersey Cherry Hill
9%
Colorado Commerce City
9%
Kansas Emporia
9%
New Hampshire Exeter
9%
Massachusetts Haverhill
9%
Minnesota Lakeville
9%
Missouri Liberty
9%
Montana Livingston
9%
Arizona Marana
9%
West Virginia Martinsburg
9%
Iowa Mason City
9%
South Carolina Mauldin
9%
Montana Miles City
9%
Delaware | Vermont Milton
9%
Wisconsin New Berlin
9%
Indiana Noblesville
9%
Michigan Novi
9%
Mississippi Olive Branch
9%
Arizona Queen Creek
9%
West Virginia South Charleston
9%
Connecticut | Wyoming Torrington
9%
South Dakota Yankton
9%
South Carolina Aiken
8%
Tennessee Bartlett
8%
Vermont Bennington
8%
Maine Biddeford
8%
Missouri Blue Springs
8%
Illinois Bolingbrook
8%
Vermont Brattleboro
8%
Tennessee Brentwood
8%
West Virginia Clarksburg
8%
Minnesota Coon Rapids
8%
Rhode Island Coventry
8%
Kansas Derby
8%
Alaska Dillingham
8%
Rhode Island Johnston
8%
Ohio Kettering
8%
Oregon Lake Oswego
8%
New Mexico Los Lunas
8%
Alabama Opelika
8%
Nevada Pahrump
8%
Nebraska Papillion
8%
Mississippi Pascagoula
8%
Maine Presque Isle
8%
Louisiana Ruston
8%
Maine Saco
8%
Washington Sammamish
8%
Maine Sanford
8%
Delaware Seaford
8%
West Virginia St. Albans
8%
Minnesota St. Louis Park
8%
Massachusetts Taunton
8%
Oregon Tigard
8%
South Dakota Vermillion
8%
West Virginia Weirton
8%
Alaska Wrangell
8%
West Virginia Bluefield
7%
Utah Bountiful
7%
Wisconsin Brookfield
7%
Minnesota Burnsville
7%
Delaware Clayton
7%
Vermont Colchester
7%
Tennessee Collierville
7%
New Mexico Deming
7%
Utah Draper
7%
Ohio Euclid
7%
West Virginia Fairmont
7%
Missouri Florissant
7%
South Carolina Goose Creek
7%
Wisconsin Greenfield
7%
Kentucky Hopkinsville
7%
North Carolina Huntersville
7%
Alaska Kotzebue
7%
New Hampshire Laconia
7%
Delaware Lewes
7%
North Dakota Mandan
7%
Iowa Marshalltown
7%
Vermont Middlebury
7%
Wyoming Mills
7%
Indiana Mishawaka
7%
Idaho Mountain Home
7%
Louisiana Natchitoches
7%
Maine Orono
7%
Illinois Palatine
7%
Alabama Prattville
7%
Michigan Royal Oak
7%
Arkansas Russellville
7%
Montana Sidney
7%
Alaska Soldotna
7%
Michigan Southfield
7%
Nebraska South Sioux City
7%
Utah Taylorsville
7%
South Dakota Tea
7%
West Virginia Vienna
7%
Maine Waterville
7%
Wisconsin Wauwatosa
7%
Wisconsin West Allis
7%
Rhode Island Westerly
7%
Michigan Westland
7%
Nevada West Wendover
7%
Oklahoma Yukon
7%
Alabama Alabaster
6%
Nebraska Alliance
6%
Oklahoma Ardmore
6%
Oklahoma Bartlesville
6%
Idaho Blackfoot
6%
Georgia Brookhaven
6%
North Dakota Devils Lake
6%
Georgia Dunwoody
6%
Nevada Fallon
6%
Nevada Fernley
6%
Kansas Gardner
6%
Montana Glendive
6%
South Carolina Greer
6%
Kentucky Jeffersontown
6%
Oregon Keizer
6%
Nevada Laughlin
6%
Montana Lewistown
6%
Massachusetts Malden
6%
Ohio Mentor
6%
Louisiana New Iberia
6%
Kentucky Nicholasville
6%
Arkansas Paragould
6%
Tennessee Spring Hill
6%
Iowa Urbandale
6%
Alabama Vestavia Hills
6%
Hawaii Waipahu
6%
Rhode Island West Warwick
6%
New Mexico Artesia
5%
Nebraska Beatrice
5%
Arkansas Bella Vista
5%
New Jersey Brick
5%
Arkansas Cabot
5%
Rhode Island Central Falls
5%
New Hampshire Claremont
5%
Oklahoma Duncan
5%
Maine Ellsworth
5%
Kentucky Erlanger
5%
Tennessee Gallatin
5%
Louisiana Gretna
5%
Idaho Hayden
5%
Utah Herriman
5%
Idaho Jerome
5%
Hawaii Kaneohe
5%
Kansas Leawood
5%
Oregon McMinnville
5%
Wisconsin Menomonee Falls
5%
Pennsylvania | Utah Millcreek
5%
Oklahoma Ponca City
5%
New Mexico Portales
5%
Kentucky Radcliff
5%
Wyoming Rawlins
5%
North Dakota Rugby
5%
Connecticut Shelton
5%
Arkansas Sherwood
5%
Connecticut Stratford
5%
Louisiana Sulphur
5%
Connecticut Trumbull
5%
Oregon Tualatin
5%
Missouri University City
5%
North Dakota Valley City
5%
North Dakota Wahpeton
5%
Iowa Waukee
5%
Missouri Wentzville
5%
Massachusetts Weymouth
5%
Louisiana Zachary
5%
South Dakota Belle Fourche
4%
Oklahoma Bixby
4%
Nebraska Blair
4%
South Dakota Box Elder
4%
Montana Columbia Falls
4%
South Dakota Dell Rapids
4%
West Virginia Elkins
4%
Maryland Elkton
4%
Delaware Elsmere
4%
New Mexico Española
4%
Hawaii Ewa Gentry
4%
North Dakota Grafton
4%
Maryland Havre de Grace
4%
Mississippi Horn Lake
4%
West Virginia Hurricane
4%
Maryland Hyattsville
4%
Oklahoma Jenks
4%
Hawaii Kihei
4%
Idaho Kuna
4%
Wyoming Lander
4%
Nebraska La Vista
4%
New Mexico Lovington
4%
Hawaii Mililani Town
4%
Delaware Millsboro
4%
Rhode Island North Kingstown
4%
New York North Tonawanda
4%
New Jersey Old Bridge
4%
Maine Old Town
4%
Oklahoma Owasso
4%
Montana Polson
4%
Wyoming Powell
4%
Kansas Prairie Village
4%
Rhode Island Smithfield
4%
Rhode Island South Kingstown
4%
North Dakota Stanley
4%
Vermont St. Johnsbury
4%
Georgia Stonecrest
4%
New Mexico Sunland Park
4%
Pennsylvania Upper Darby
4%
North Dakota Watford City
4%
Maine Westbrook
4%
Oregon West Linn
4%
Wyoming Wheatland
4%
Nevada Whitney
4%
Missouri Wildwood
4%
Vermont Winooski
4%
Louisiana Youngsville
4%
Idaho Ammon
3%
North Dakota Beulah
3%
North Dakota Casselton
3%
Idaho Chubbuck
3%
Nevada Gardnerville
3%
Nebraska Gering
3%
Maryland Greenbelt
3%
South Carolina Hanahan
3%
Delaware Harrington
3%
North Dakota Horace
3%
Hawaii Kapolei
3%
Nevada Moapa Valley
3%
West Virginia Moundsville
3%
West Virginia Oak Hill
3%
Maine Old Orchard Beach
3%
Mississippi Ridgeland
3%
Maryland Takoma Park
3%
Delaware Townsend
3%
Hawaii Wailuku
3%
Wyoming Worland
3%
Pennsylvania Bensalem
2%
Maine Brewer
2%
Delaware Bridgeville
2%
West Virginia Dunbar
2%
Pennsylvania Haverford
2%
Kansas Huthinson
2%
Pennsylvania Lower Merion
2%
Hawaii Makakilo
2%
Hawaii Mililani Mauka
2%
Hawaii Ocean Pointe
2%
Hawaii Royal Kunia
2%
Hawaii Schofield Barracks
2%
Delaware Selbyville
2%
Vermont Shelburne
2%
New Hampshire Somersworth
2%
Vermont St. Albans City
2%
Hawaii Wahiawa
2%
Maryland Chillum
1%
Pennsylvania Lower Paxton
1%
No matching quizzes found
Score Distribution
Percent of People with Each Score
Percentile by Number Answered
Your Score History
You have not taken this quiz